000 00750nam a22002177a 4500
003 UA-OsUOA
001 128670
007 ta
008 20180125b un ||||| |||| 00| 0 ukr d
100 _aКондратенко Н.
090 _a81
_bК64
942 _cSA
040 _aUA-OsUOA
_bukr
_cUA-OsUOA
_dUA-OsUOA
245 _aТекст як засіб формування комунікативної компетентності майбутніх журналістів на засадах лінгвокультурології
300 _aС.34-37
955 _a0
041 _aukr
080 _a81
773 0 _w128668
650 7 _a8 Мовознавство. Художня література. Літературознавство
_2UDC
999 _c416276
_d416276